000
00291nam a22001337a 4500
008
210312b ||||| |||| 00| 0 eng d
041
_a
eng
080
_2
11th
_a
621
082
_2
11th
_a
621
100
_a
26
101
_a
MEK
245
_a
Mechanical Drawing
_c
French,E.TH
942
_2
udc
_c
BK
999
_c
56504
_d
56504